000 00843nam a22002177a 4500
003 UA-OsUOA
001 90752
007 ta
008 20121120b un ||||| |||| 00| 0 ukr d
100 _aГнаткович Т.
090 _a81
_bГ56
942 _cSA
040 _aUA-OsUOA
_bukr
_cUA-OsUOA
_dUA-OsUOA
245 _aМетодичні аспекти формування мовної й мовленнєвої компетентностей школярів у процесі вивчення складносурядного речення
300 _aС.2-8
955 _a0
041 _aukr
080 _a81
773 0 _w90750
_tУкраїнська мова і література в школі
_dК.
_d2012
_g6
650 7 _a8 Мовознавство. Художня література. Літературознавство
_2UDC
999 _c377019
_d377019